Medical multiple choice #2 - Statistics

General Stats
  • This quiz has been taken 118 times
    110 since last reset
  • The average score is 11 of 15
Answer Stats
Question Answer % Correct
Which of the following diseases means you have low blood sugar Hypoglycemia
100%
Which of the following prefixes means heart Cardio
94%
Which of the following prefixes means stomach Gastro
92%
Which of the following prefixes means skin Derma
89%
Disease of the kings. A disease of the big toe Gout
89%
Which of the following prefixes means nose Rhino
89%
Which of the following means presence in blood -emia
83%
What are people with a BMI of over 30 labeled as? Obese
81%
What disease is caused by the neisseria meningitidis bacteria Meningococcal disease
75%
Fill in the blank. As fat cells increase, they push up against the skin. Tough, long connective cords pull down. This creates an uneven surface or dimpling, often referred to as _________ Cellulite
67%
Which of these means low -hypo
67%
Which of these is a red blood cell Erythrocyte
50%
What is a bilateral femur fracture Both femurs are broken
44%
Which is a real disease pneumonoultramicroscopicsilicovolcanoconiosis
33%
How many total lobes are in the lungs? 5
25%
No matching quizzes found
Score Distribution
Percent of People with Each Score
Percentile by Number Answered
Your Score History
You have not taken this quiz since the last reset